La aburreida escuela: Junto a una pedagogía de la facilidad y otras cosas / Jaume Trilla Bernet (Registro nro. 10800)
[ vista simple ]
| 000 -LEADER | |
|---|---|
| fixed length control field | 00527nam a22001811a 4500 |
| 001 - CONTROL NUMBER | |
| control field | 10800 |
| 003 - CONTROL NUMBER IDENTIFIER | |
| control field | OSt |
| 005 - DATE AND TIME OF LATEST TRANSACTION | |
| control field | 20260204212213.0 |
| 008 - FIXED-LENGTH DATA ELEMENTS--GENERAL INFORMATION | |
| fixed length control field | 100310s2002||||sp ||||||b||||||||||spa|| |
| 020 ## - NUMERO DE LIBRO INTERNACIONAL NORMALIZADO | |
| International Standard Book Number | 8475844693 |
| 050 ## - LIBRARY OF CONGRESS CALL NUMBER | |
| Classification number | 371.102 T735a |
| 100 ## - ASIENTO PRINCIPAL -- NOMBRE PERSONAL | |
| Personal name | Trilla Bernet, Jaume |
| 245 ## - TÍTULO PROPIAMENTE DICHO: SUBTÍTULO | |
| Title | La aburreida escuela: Junto a una pedagogía de la facilidad y otras cosas / Jaume Trilla Bernet |
| 264 ## - PRODUCTION, PUBLICATION, DISTRIBUTION, MANUFACTURE, AND COPYRIGHT NOTICE | |
| Place of production, publication, distribution, manufacture | España : Laertes |
| 300 ## - PHYSICAL DESCRIPTION | |
| Extensión | 203 p |
| 650 ## - ASIENTO SECUNDARIO DE MATERIA -- TERMINO TEMÁTICO | |
| Termino Temático Como Elemento de Entrada | Pedagogía 2.Emseñanza 3.Educación - InnovaciónÌ |
| 942 ## - ADDED ENTRY ELEMENTS (KOHA) | |
| Source of classification or shelving scheme | Dewey Decimal Classification |
| Koha item type | Libros |
| Withdrawn status | Lost status | Source of classification or shelving scheme | Damaged status | Not for loan | Current library | Date acquired | Total Checkouts | Full call number | Barcode | Date last seen | Price effective from | Koha item type |
|---|---|---|---|---|---|---|---|---|---|---|---|---|
| Dewey Decimal Classification | Biblioteca UTECO | 09/09/2019 | 371.102 T735A | 015335 | 09/09/2019 | 09/09/2019 | Libros |
